Fortune Global 100 - Statistics

General Stats
  • This quiz has been taken 16 times
  • The average score is 37 of 100
Answer Stats
Rank Name % Correct
13. Alphabet
100%
8. Apple
100%
2. Amazon
93%
66. Nvidia
93%
15. Toyota Motor
93%
41. Meta Platforms
86%
22. Microsoft
86%
27. Samsung Electronics
86%
35. General Motors
79%
97. Nestlé
79%
18. Shell
79%
36. Ford Motor
71%
59. Honda Motor
71%
1. Walmart
71%
34. Bank of America
64%
49. BMW Group
64%
33. BP
64%
14. ExxonMobil
64%
19. JPMorgan Chase
64%
55. Banco Santander
57%
10. Berkshire Hathaway
57%
29. Chevron
57%
4. Saudi Aramco
57%
40. Stellantis
57%
56. HSBC Holdings
50%
83. Huawei Investment & Holdings
50%
68. Hyundai Motor
50%
48. Mercedes-Benz Group
50%
79. Mitsubishi
50%
94. Target
50%
64. Verizon Communications
50%
12. Volkswagen
50%
71. Wells Fargo
50%
78. AT&T
43%
87. Gazprom
43%
70. Goldman Sachs Group
43%
46. Home Depot
43%
57. Phillips 66
43%
77. State Farm Insurance
43%
7. UnitedHealth Group
43%
63. Alibaba Group
36%
76. Allianz
36%
38. Bank of China
36%
54. BNP Paribas
36%
25. Cardinal Health
36%
39. Citigroup
36%
75. Comcast
36%
20. Costco Wholesaler
36%
72. Deutsche Telekom
36%
53. Kroger
36%
11. McKesson
36%
93. Morgan Stanley
36%
6. Sinopec Group
36%
74. Valero Energy
36%
91. BYD
29%
42. Centene
29%
31. China Construction Bank
29%
5. China National Petroleum
29%
21. Cigna
29%
9. CVS Health
29%
60. Marathon Petroleum
29%
32. TotalEnergies
29%
52. Walgreens Boots Alliance
29%
30. Agricultural Bank of China
21%
69. Electricité de France
21%
50. Fannie Mae
21%
80. Freddie Mac
21%
24. Glencore
21%
26. Industrial & Commercial Bank of China
21%
47. Ping An Insurance
21%
23. Trafigura Group
21%
58. China Mobile Communications
14%
65. China National Offshore Oil
14%
51. China Railway Construction
14%
84. China Southern Power Grid
14%
62. CITIC Group
14%
28. Hon Hai Precision Industries
14%
85. Humana
14%
90. Rosneft Oil
14%
89. Société Générale
14%
3. State Grid
14%
17. Cencora
7%
73. China Baowu Steel Group
7%
43. China Railway Engineering Group
7%
67. China Resources
7%
37. Elevance Health
7%
95. Life Insurance Corp. of India
7%
100. PowerChina
7%
88. Reliance Industries
7%
61. China Communications Construction
0%
92. China Energy Investment
0%
45. China Life Insurance
0%
86. China Minmetals
0%
16. China State Construction Engineering
0%
96. Equinor
0%
81. Hengli Group
0%
44. JD.com
0%
82. Shandong Energy Group
0%
99. StoneX Group
0%
98. Xiamen C&D
0%
No matching quizzes found
Score Distribution
Percent of People with Each Score
Percentile by Number Answered
Your Score History
You have not taken this quiz